000 00776nam a2200181 a 4500
001 000031710
005 20200930063124.0
008 110630s1991 dr 000 0 spa d
040 _aDO-SdBNP
_bspa
_cBNPHU
082 _axxxx
_bP969
245 0 0 _aCurso-Taller sobre juegos y canciones infantiles para 1er. y 2do. grados del nivel primario.
260 _aSanto Domingo :
_bSEEBAC :
_bUNICEF,
_c[1991?].
300 _a60 p.
504 _aBibliografía : P. 60
710 2 _aSecretaría de Estado de Educación Bellas Artes y Cultos, Proyecto de Reforzamiento de los dos Primeros Grados del Nivel Primario
_957978
710 2 _aFondo de la Naciones Unidas para la Infancia (UNICEF), Programa de Supervivencia y Desarrollo del Niño y la Mujer 1988-1991
_957979
049 _aBNPD
999 _c31202
_d31202